Terytoria zależne Wielkiej Brytani - Statystyki

Ogólne statystyki
  • Ten quiz został rozwiązany 212 razy
  • Średni wynik to 4 z 15
Statystyki odpowiedzi
Hint Odpowiedź % Poprawnych
10 Gibraltar
66%
9 Falklandy
54%
3 Bermudy
47%
6 Brytyjskie Wyspy Dziewicze
40%
2 Anguilla
36%
8 Kajmany
35%
4 Brytyjskie Terytorium Oceanu Indyjskiego
27%
11 Montserrat
26%
12 Pitcairn
23%
15 Turks i Caicos
23%
5 Brytyjskie Terytorium Antarktyczne
17%
1 Akrotiri
16%
14 Georgia Południowa i Sandwich Południowy
15%
7 Dhekelia
13%
13 Wyspa Świętej Heleny, Wyspa Wniebowstąpienia i Tristan da Cunha
8%
Nie znaleziono quizów pasujących do podanych kryteriów
Rozkład punktacji
Procent ludzi z każdym wynikiem
Percentyl według liczby udzielonych odpowiedzi
Twoja historia wyników
Nie rozwiązałeś tego quizu